| 000 | 00858nam a2200253 a 4500 | ||
|---|---|---|---|
| 001 | 000024383 | ||
| 005 | 20200930022948.0 | ||
| 008 | 110126s1971 sp r 000 f spa d | ||
| 040 |
_aDO-SdBNP _bspa _cBNPHU |
||
| 041 | 1 | 7 |
_aspa _hfre _2Código de idiomas MARC |
| 082 |
_a891.62 _bB396m |
||
| 100 | 1 |
_aBeckett, Samuel, _d1906-1989 _914102 |
|
| 240 | 1 | 0 |
_aMercier et Camier. _lEspañol |
| 245 | 1 | 0 |
_aMercier y Camier / : _bSamuel Beckett ; traducción de Félix de Azúa. |
| 260 |
_aBarcelona : _bLumen, _c1971. |
||
| 300 |
_a183, [7] p. ; _c19 cm. |
||
| 490 | 1 |
_aPalabra en el tiempo _v79 |
|
| 534 |
_pTítulo original en francés: _tMercier et Camier. |
||
| 650 | 4 |
_aNovela irlandesa _911511 |
|
| 650 | 4 |
_aLiteratura irlandesa _ySIGLO XX _950002 |
|
| 700 | 1 |
_aAzúa, Félix de, _etr. _950003 |
|
| 830 | 0 |
_aPalabra en el tiempo ; _v79 _921670 |
|
| 049 | _aBNGR | ||
| 999 |
_c23876 _d23876 |
||